কুরআন ও আধুনিক বিজ্ঞান / (Record no. 7832)
[ view plain ]
| 000 -LEADER | |
|---|---|
| fixed length control field | 00755nam a2200217 a 4500 |
| 001 - CONTROL NUMBER | |
| JCCL Control Number | 7832 |
| 003 - CONTROL NUMBER IDENTIFIER | |
| JCCL marc code | BD-JhCC |
| 005 - DATE AND TIME OF LATEST TRANSACTION | |
| control field | 20180214131844.0 |
| 008 - FIXED-LENGTH DATA ELEMENTS--GENERAL INFORMATION | |
| fixed length control field | 180214s2002 bg |||| ||a| 000 0 ben d |
| 035 ## - SYSTEM CONTROL NUMBER | |
| system control number | (BD-JhCC)7832 |
| 040 ## - CATALOGING SOURCE | |
| Original cataloging agency | BD-JhCC |
| Modifying agency | BD-JhCC |
| 041 ## - LANGUAGE CODE | |
| Language code of Book | ben |
| 082 ## - DEWEY DECIMAL CLASSIFICATION NUMBER | |
| Classification number | 297.1226 |
| Author mark and Year | BUK 2002 |
| 100 ## - MAIN ENTRY--PERSONAL NAME | |
| Personal name | বুকাইলী, মরিস |
| 245 ## - TITLE STATEMENT | |
| Title | কুরআন ও আধুনিক বিজ্ঞান / |
| Statement of responsibility, etc | মরিস বুকাইলী; মুহম্মদ জালালউদ্দীন বিশ্বাস (অনুবাদক) |
| 260 ## - PUBLICATION, DISTRIBUTION, ETC. (IMPRINT) | |
| Place of publication, distribution, etc | ঢাকা : |
| Name of publisher, distributor, etc | জ্ঞানকোষ প্রকাশনী, |
| Date of publication, distribution, etc | 2002. |
| 300 ## - PHYSICAL DESCRIPTION | |
| Pagination | 64 p. : |
| Dimensions | 22 cm. |
| 650 ## - SUBJECT ADDED ENTRY--TOPICAL TERM | |
| Topical term or geographic name as entry element | Al-Quran |
| 942 ## - ADDED ENTRY ELEMENTS (KOHA) | |
| Source of classification or shelving scheme | Dewey Decimal Classification |
| Koha item type | Books |
| Source of classification or shelving scheme | Damaged status | Not for loan | Home library | Current library | Shelving location | Date of accession | Cost, normal purchase price | Total Checkouts | Full call number | Barcode | Date last seen | Date checked out | Copy number | Koha item type |
|---|---|---|---|---|---|---|---|---|---|---|---|---|---|---|
| Dewey Decimal Classification | JCC Rouf Library | JCC Rouf Library | General Stacks | 02/14/2018 | 40.00 | 2 | 297.1226 BUK 2002 | 10177 | 06/17/2023 | 05/15/2023 | C-1 | Books |